<?xml version="1.0" encoding="UTF-8"?><?xml-stylesheet type="text/xsl" href="static/style.xsl"?><OAI-PMH xmlns="http://www.openarchives.org/OAI/2.0/" xmlns:xsi="http://www.w3.org/2001/XMLSchema-instance" xsi:schemaLocation="http://www.openarchives.org/OAI/2.0/ http://www.openarchives.org/OAI/2.0/OAI-PMH.xsd"><responseDate>2026-06-02T12:46:02Z</responseDate><request verb="GetRecord" identifier="oai:riuma.uma.es:10630/17784" metadataPrefix="marc">https://riuma.uma.es/rest/oai/request</request><GetRecord><record><header><identifier>oai:riuma.uma.es:10630/17784</identifier><datestamp>2026-02-03T12:04:47Z</datestamp><setSpec>com_10630_2254</setSpec><setSpec>col_10630_37959</setSpec></header><metadata><record xmlns="http://www.loc.gov/MARC21/slim" xmlns:dcterms="http://purl.org/dc/terms/" xmlns:doc="http://www.lyncode.com/xoai" xmlns:xsi="http://www.w3.org/2001/XMLSchema-instance" xsi:schemaLocation="http://www.loc.gov/MARC21/slim http://www.loc.gov/standards/marcxml/schema/MARC21slim.xsd">
   <leader>00925njm 22002777a 4500</leader>
   <datafield ind2=" " ind1=" " tag="042">
      <subfield code="a">dc</subfield>
   </datafield>
   <datafield ind2=" " ind1=" " tag="720">
      <subfield code="a">Martín-Fuentes, Natalia</subfield>
      <subfield code="e">author</subfield>
   </datafield>
   <datafield ind2=" " ind1=" " tag="720">
      <subfield code="a">Pérez-Moreno, Salvador Jesús</subfield>
      <subfield code="e">author</subfield>
   </datafield>
   <datafield ind2=" " ind1=" " tag="720">
      <subfield code="a">Bárcena-Martín, Elena María</subfield>
      <subfield code="e">author</subfield>
   </datafield>
   <datafield ind2=" " ind1=" " tag="260">
      <subfield code="c">2019-06-10</subfield>
   </datafield>
   <datafield ind2=" " ind1=" " tag="520">
      <subfield code="a">This work provides evidence on the potential effects of monetary policy on the income class structure via stimulating economic activity and employment in the Eurozone countries over the period 2007Q3-2016Q1. Based on European Union Statistics on Income and Living Conditions (EU-SILC) data, we compute the size of income classes (lower, lower-middle, upper-middle, and upper) for the stats that originated the Economic and Monetary Union (EMU-11) and analyse the impact of monetary policy impulses under a Bayesian Vector Autoregressive approach. We focus on the earnings heterogeneity and the income composition channel and find that a monetary easing shock involving a decrease short-term nominal interest rate has diverse effects on the different income classes, which seems to have led to a more equal income distribution. As theoretically argued by these monetary policy transmission mechanisms, our results confirm the GDP growth and the decrease in unemployment caused by the monetary policies implemented by the European Central Bank since the onset of the financial crisis have had a positive effect for those households located at the bottom of the income-class structure as well as for the middle class.</subfield>
   </datafield>
   <datafield ind1="8" ind2=" " tag="024">
      <subfield code="a">https://hdl.handle.net/10630/17784</subfield>
   </datafield>
   <datafield tag="653" ind2=" " ind1=" ">
      <subfield code="a">Política monetaria - Paises de la Unión Europea - 21</subfield>
   </datafield>
   <datafield tag="653" ind2=" " ind1=" ">
      <subfield code="a">Desigualdad social - Paises de la Unión Europea</subfield>
   </datafield>
   <datafield ind2="0" ind1="0" tag="245">
      <subfield code="a">How does monetary policy affect the income class structure? Evidence from the Eurozone.</subfield>
   </datafield>
</record>
</metadata></record></GetRecord></OAI-PMH>